Science Quiz

Random Science or Math Quiz

'Absolutely' Positive Math Quiz Stats

Quiz Updated Apr 30, 2013

Also try: X is for Xplosion
Challenge
Share
Tweet
Embed
Score 0/20 Timer 03:00
8 Plays Today
% Correct
9
66.8%
5
66.7%
19
66.4%
15
66.1%
17
65.4%
14
64%
3
63.7%
12
63.4%
16
63.4%
2
62.1%
% Correct
1
61.9%
20
61.7%
8
60.9%
18
60.4%
10
59.9%
11
59.7%
6
59.2%
7
56.1%
13
55.6%
4
54%

You're not logged in!

Compare scores with friends on all Sporcle quizzes.
Join for Free
OR
Log In

You Might Also Like...

Show Comments

Extras

Top Quizzes Today


Score Distribution

Your Account Isn't Verified!

In order to create a playlist on Sporcle, you need to verify the email address you used during registration. Go to your Sporcle Settings to finish the process.

Report this User

Report this user for behavior that violates our Community Guidelines.

Details: